Dutch Eredivisie 2025/26 Clubs by Badges - Statistics

General Stats
  • This quiz has been taken 77 times
  • The average score is 15 of 18
Answer Stats
Picture Answer % Correct
Ajax
100%
AZ Alkmaar
99%
FC Twente
97%
Feyenoord
97%
PSV
97%
FC Utrecht
93%
Sparta Rotterdam
91%
Go Ahead Eagles
90%
FC Groningen
85%
SC Heerenveen
84%
Fortuna Sittard
82%
N.E.C. Nijmegen
81%
PEC Zwolle
79%
Excelsior Rotterdam
76%
NAC Breda
76%
Heracles Almelo
75%
FC Volendam
68%
Telstar
60%
No matching quizzes found
Score Distribution
Percent of People with Each Score
Percentile by Number Answered
Your Score History
You have not taken this quiz